000 00329nam a22001337a 4500
008 250721b |||||||| |||| 00| 0 eng d
020 _a9788131707043
050 _aHD30.4
_b.S76
100 _aSTONER A. F. James
245 _aManagement
260 _aIndia
_bPearson India Education Service
_c1995
300 _a715p.
942 _cBK
999 _c4362
_d4362